| 000 | 00671nam a2200193Ia 4500 | ||
|---|---|---|---|
| 003 | GCL | ||
| 008 | 140319s9999 xx 000 0 ara d | ||
| 040 |
_aGCL / _cGCL |
||
| 082 | 0 | 4 |
_a910.13361 _bا ج |
| 100 | 1 | _aابراهيم على غانم | |
| 245 | 1 | 0 |
_aجغرافية الصناعات التحويلية فى السودان / _cابراهيم على غانم |
| 260 |
_a[S.N] : _bمعهد البحوث والدراسات العربية ، _c1989 |
||
| 300 | _a159 ص | ||
| 490 |
_aسلسلة الدراسات الخاصة _v0 |
||
| 650 | 0 | 4 | _aالسودان |
| 650 | 0 | 4 | _aالجغرافيا |
| 650 | 0 | 4 | _aالصناعات التحويلية |
| 942 |
_2ddc _cBK |
||
| 999 |
_c30903 _d30903 |
||